000 00536pab a2200169 454500
008 180718b2013 xxu||||| |||| 00| 0 eng d
100 _aMeenakshi, J.V.
245 _aEstimation of calorie norms and measurement of food intakes: some implication for the magnitudes of the prevalence of under nutrition in India
260 _c2013
300 _ap.167-188.
362 _aJan-Jun
650 _aMalnutrition - India
650 _aMalnutrition
700 _aViswanathan, Brinda
773 _aIndian Economic Review
909 _a107967
999 _c107962
_d107962